Responses for Show #1095 - Friday, May 12, 1989

1989 College Championship quarterfinal game 5.

Contestants

[<< previous game]

Paula Ashbaugh, a junior from Michigan State University

David Nieporent, a freshman from Princeton University

Jason Moore, a freshman from USC

[next game >>]

Jeopardy! Round responses

HISTORY
TOYS
LIBRARIES
MUSICAL INSTRUMENTS
TV RERUNS
RABBITS
    $100 8
Isabella

David
    $100 13
a Slinky

David
    $100 18
Lenin

David
    $100 6
a drum

Paula
    $100 1
Jeannie

Jason
    $100 22
a hutch

Jason
    $200 9
the Crusades

David
    $200 14
jacks

David
    $200 20
the Gerald Ford Library

Jason
    $200 7
a pedal

Jason
    $200 2
Cousin Itt

Paula
    $200 23
a hare

Paula
    $300 10
(Temujin) Genghis Khan

David
    $300 15
(Jason: What is Fris-Bo?)

Wham-O

Jason
Triple Stumper
    $300 21
the Library of Congress

David
    $300 19
a banjo

Jason
    $300 3
(Jason: What is, uh, All in... Family Affair?)

Buffy & Jody

Jason
Triple Stumper
    $300 26
Beatrix Potter

Jason
    $400 11
the Battle of the Bulge

Jason
    $400 16
an Erector Set

Jason
    $400 25
the New York Public Library

David
    $400 24
the woodwinds

Jason
    $400 4
Marlo Thomas

Jason
    $400 27
cottontails

Triple Stumper
    $500 12
(David: Who is James?)

King Henry VIII

David
Triple Stumper
    $500 17
heat (light bulb)

Triple Stumper
    $500 28
Philadelphia

Jason
    $500 29
the trombone

Jason
    $500 5
Hogan's Heroes

Paula
    $500 30
Australia

David

Scores at the first commercial break (after clue 17):

Jason David Paula
$900 $400 $800

Scores at the end of the Jeopardy! Round:

Jason David Paula
$3,200 $1,700 $1,000

Double Jeopardy! Round responses

SOCIAL SCIENCE
STORYTELLERS
MEDICINE
NATIONAL LANDMARKS
ART
STARTS WITH "L"
    $200 11
Neanderthal

David
    $200 17
Aesop

David
    $200 13
the chickenpox

Paula
    $200 1
West Point

David
    $200 26
that a mobile moves

David
    $200 2
limbo

David
    $400 12
husbands

David
    $400 22
Kenny Rogers

Jason
    $400 18
polio

David
    $400 7
the Alamo

Paula
    $400 27
13

David
    $300 3
(Alex: David?)
(David: I don't know.)
(Alex: The song is by Madonna and it is called, and it starts with the letter L, [*].)

"Like A Virgin"

David
    $600 14
totem poles (totems)

David
    $600 23
Dr. Seuss

Jason
    $600 19
the ear

Triple Stumper
    $600 8
Christopher Columbus

Jason
    $600 28
egg

Jason
    $600 4
a llama

Paula
    $800 15
(Jason: What is [*]?)

parliamentary (*parliamentarian)

Jason
    $800 24
(Jon) Lovitz

Jason
    $800 20
the (Pierre & Marie) Curies

David
    $800 9
Wyoming

Jason
    $800 29
(Nathaniel) Currier

Jason
    $800 5
a lair

David
    $1,000 16
supply & demand

Jason
    $1000 25
Baron Munchausen

Jason
    $1000 21
rabies

David
    $1000 10
Wounded Knee

Jason
    $1000 30
(Jason: Oh... Venus de Milo, what is the Venus de Milo?)

The Winged Victory of Samothrace

Jason
Triple Stumper
    $1000 6
Latvia

David

Scores at the end of the Double Jeopardy! Round:

Jason David Paula
$10,600 $7,800 $2,200

Final Jeopardy! Round responses

BODIES OF WATER
PaulaWhat is the Persian Gulf
$2,000
DavidWhat is the Gulf of Mexico?
$800
JasonWhat is the Gulf of Mexico?
$5,001
the Gulf of Mexico

Final scores:

Jason David Paula
$15,601 $8,600 $200
Automatic semifinalist 2nd place: $1,000 if eliminated 3rd place: $1,000 if eliminated

Game dynamics:

Coryat scores:

Jason David Paula
$10,600 $8,100 $2,200
23 R
(including 2 DDs),
3 W
22 R,
2 W
(including 1 DD)
7 R,
0 W

Combined Coryat: $20,900

[game clues] [game scores] [suggest correction]

Game tape date: 1989-04-08
The J! Archive is created by fans, for fans. Scraping, republication, monetization, and malicious use prohibited; this site may use cookies and collect identifying information. See terms. The Jeopardy! game show and all elements thereof, including but not limited to copyright and trademark thereto, are the property of Jeopardy Productions, Inc. and are protected under law. This website is not affiliated with, sponsored by, or operated by Jeopardy Productions, Inc. Join the discussion at JBoard.tv.